000 00629nam a2200229Ia 4500
001 16778
003 GE_BSU
008 181216s||||||||xx |||||||||||||| ||und||
040 _cGE_BSU
080 _a821.161.1-31
100 _aჩაკოვსკი, ალ.
245 _aბლოკადა. წ. 1
245 _bრომანი
245 _cმთარგმნ. გ. ჩიქობავა
260 _aცხინვალი
260 _bირისთონი
260 _c1975
300 _a375 გვ.21სმ.
653 _aბლოკადა
653 _aრომანი
942 _cBK
999 _c49843
_d49843